Refugiados guatemaltecos en México: [noticias diversas]

Gespeichert in:
Bibliographische Detailangaben
Format: Text
Veröffentlicht: sc.e :
Tags: Tag hinzufügen
Keine Tags, Fügen Sie den ersten Tag hinzu!

MARC

LEADER 00000 a a2200000 04500
001 13067
003
040 |a CRAI/IIS  |c CRAI/IIS 
090 |a 028000  
245 |a Refugiados guatemaltecos en México: [noticias diversas]  
260 |a sc.e :  
300 |a 20 p.  
999 |c 14142  |d 14142